Rhyming Celebrities Quiz Stats

 Plays Quiz not verified by Sporcle

Support Sporcle.
Go Orange.
Score 0/60 Timer 09:00
0 Plays Today
Set # Celebrities % Correct
1Tina Fey
76.3%
1Jennifer Grey
61.1%
5Alexander Graham Bell
57.2%
10Tom Hanks
56.3%
7Tom Cruise
53.9%
10Tyra Banks
53.9%
11MC Hammer
50.9%
5Steve Carell
49.7%
3Russell Crowe
48.5%
1Marvin Gaye
48.5%
1Michael Bay
45.2%
13Bruce Springsteen
42.5%
5George Orwell
41.9%
7Julie Andrews
41.9%
13Charlie Sheen
41%
6Alec Baldwin
40.4%
11Kelsey Grammer
40.4%
7Penelope Cruz
38.6%
14Roseanne Barr
38.6%
3James Monroe
37.7%
15Paris Hilton
35.6%
1Rachael Ray
33.5%
7John Hughes
32.3%
13Adam Levine
32%
2Jude Law
31.4%
9Alicia Keys
31.1%
4Michael C. Hall
30.8%
4Jake Gyllenhaal
30.8%
2Tim McGraw
28.1%
15John Milton
26.9%
Set # Celebrities % Correct
9Drew Brees
25.7%
2Terry Bradshaw
24.9%
8Maury Povich
24.3%
12Gerard Butler
23.7%
3Tim Tebow
23.4%
2Tom Brokaw
21%
2Gavin DeGraw
18.9%
4Robert Duvall
18.6%
12Jay Cutler
17.7%
8Milla Jovovich
17.4%
5Dave Chappelle
17.1%
3Robinson Cano
16.5%
4Ron Paul
15.6%
2Lindsey Shaw
13.8%
3Brittany Snow
13.2%
3Derek Lowe
13.2%
9Gary Sinise
13.2%
6Terry O'Quinn
12.9%
6Tony Gwynn
12.6%
6Neil Flynn
9.3%
1James Roday
8.4%
5Scott O'Dell
7.2%
14Ryan Star
7.2%
14Roberto Alomar
5.4%
15Alex Chilton
5.4%
8Elaine Stritch
5.1%
4Travis Wall
3.9%
8John Rich
3.6%
6Morena Baccarin
3.3%
9Matthew Rhys
3%

You're not logged in!

Compare scores with friends on all Sporcle quizzes.
OR
Log In

From the Vault

18th Century Names Match-Up

by khands

These names just belong together.
Remove Ads.
Support Sporcle.
Get the best of Sporcle when you Go Orange. This ad-free experience offers more features, more stats, and more fun while also helping to support Sporcle. Thank you for becoming a member.

Show Comments

Extras

Top Quizzes Today


Score Distribution

Your Account Isn't Verified!

In order to create a playlist on Sporcle, you need to verify the email address you used during registration. Go to your Sporcle Settings to finish the process.

Report this User

Report this user for behavior that violates our Community Guidelines.

Details: